| 000 | 00432nam a22001577a 4500 | ||
|---|---|---|---|
| 005 | 20160825120856.0 | ||
| 008 | 160825b xxu||||| |||| 00| 0 eng d | ||
| 020 | _a0471483850 | ||
| 040 | _cPK-LaUMT | ||
| 082 |
_a956.70443 _bMOO-B |
||
| 100 | _aMoore, James | ||
| 245 |
_aBush's war for reelection _bIraq, the white house, and the people _cJames moore |
||
| 260 |
_aNew Jersey _bJohn Wiley _c2004 |
||
| 300 | _a382 p. | ||
| 942 | _cBK | ||
| 999 |
_c87580 _d87580 |
||